Gaming Quiz

Random Gaming or Pokémon Quiz

Skarmory Moveset Quiz Stats

 Plays Quiz not verified by Sporcle

Challenge
Share
Tweet
Embed
Score 0/57 Timer 11:00
0 Plays Today
Answer % Correct
Steel Wing
96.3%
Fly
92.6%
Toxic
92.6%
Peck
85.2%
Spikes
85.2%
Drill Peck
77.8%
Rock Slide
74.1%
Stealth Rock
74.1%
Metal Sound
74.1%
Roost
70.4%
Aerial Ace
70.4%
Curse
70.4%
Slash
70.4%
Whirlwind
70.4%
Metal Claw
70.4%
Thief
66.7%
Dark Pulse
66.7%
Sand Attack
66.7%
Rest
66.7%
Flash Cannon
66.7%
Sunny Day
63%
Leer
63%
Protect
63%
Sleep Talk
63%
Agility
63%
Night Slash
59.3%
X-Scissor
59.3%
Taunt
59.3%
Torment
59.3%
Answer % Correct
Sky Drop
59.3%
Brave Bird
59.3%
Sky Attack
59.3%
Fury Attack
59.3%
Hidden Power
59.3%
Frustration
59.3%
Confide
59.3%
Rock Tomb
59.3%
Payback
57.9%
Air Slash
55.6%
Return
55.6%
Attract
55.6%
Air Cutter
51.9%
Swift
51.9%
Facade
51.9%
Swords Dance
51.9%
Sandstorm
51.9%
Pursuit
48.1%
Double Team
48.1%
Swagger
48.1%
Substitute
48.1%
Assurance
44.4%
Feint
44.4%
Endure
44.4%
Roar
40.7%
Round
40.7%
Autotomize
40.7%
Guard Swap
37%

You're not logged in!

Compare scores with friends on all Sporcle quizzes.
Join for Free
OR
Log In

You Might Also Like...

Show Comments

Extras

Created Mar 21, 2017SourceReportNominate
Tags:Pokémon Quiz

Top Quizzes Today


Score Distribution

Your Account Isn't Verified!

In order to create a playlist on Sporcle, you need to verify the email address you used during registration. Go to your Sporcle Settings to finish the process.

Report this User

Report this user for behavior that violates our Community Guidelines.

Details: